| 000 | 00347nam a2200133Ia 4500 | ||
|---|---|---|---|
| 008 | 240624s9999 xx 000 0 und d | ||
| 041 | _aeng | ||
| 082 | _a150 GOL | ||
| 100 | _aGOLDSTEIN E BRUCE | ||
| 245 | _aPSYCHOLOGY OF SENSATION AND PERCEPTION | ||
| 260 |
_c2007 _aAustralia _bCengage Learning |
||
| 300 | _a434p. : cm. ; 24 | ||
| 365 |
_cRS _b31 |
||
| 999 |
_c19659 _d19659 |
||